000 00747cam a2200157 4500500
005 20260329002703.0
041 _afre
042 _adc
100 1 0 _aLabey, Gildas
_eauthor
245 0 0 _aHenri Atlan, Pour un athéisme éclairé. Des Lumières au monde hébraïque, L’hypothèse inutile. Odile Jacob, 2025, 208 pages, 23.90 euros.
260 _c2026.
500 _a78
520 _aEva Jospin takes us on a journey toward the universal in art: The fascinating exploration of caves presented at the Grand Palais invites us to search for shared human experiences.
786 0 _nÉtudes | 4334 | 2 | 2026-01-26 | p. 130a-131 | 0014-1941
856 4 1 _uhttps://shs.cairn.info/journal-etudes-2026-2-page-130a?lang=en&redirect-ssocas=7080
999 _c1817394
_d1817394